000 01046nam0a2200289 4500
001 RU\NLR\BIBL_A\012041927
005 20250626173708.0
035 _a(NLR Aleph) 012041927
090 _a11607041
_c11607041
100 _a20190624d1931 |||y0rusy50 ca
101 0 _ainh
102 _aRU
105 _ay z 000 y
200 1 _aБусалба ди хьахилар и, цун классан маIан и
_fС. Турханов
_gтаржам Оахарга н Амалат
210 _aОрджоникидзе
_cСердало
_d1931
215 _a39 с.
_d18
300 _aЛатин. графика
541 1 _aПроисхождение ислама и его классовая роль
_zrus
606 1 _aИслам
_91049283
_3RU\NLR\AUTH\6687295
606 1 _aАнтирелигиозная пропаганда
_9978686
_3RU\NLR\AUTH\6649457
686 1 _aЭ38
686 1 _aЭ16
700 1 _aТурханов
_bС.
_4070
852 _aNLR
_bОНЛ
_jИнгуш./2-95
942 _cBOOK
980 _aNB